000 00350nam a22001097a 4500
082 _a891.433/SOB/N
100 _a सोबती, कृष्‍णा
_983461
245 _aजिन्‍दगीनामा
260 _aदिल्‍ली
_bराजकमल प्रकाशन
_c2023
650 _aउपन्‍यास
942 _cHIN
999 _c68387
_d68387